| 000 | 00759nam a2200253 i 4500 | ||
|---|---|---|---|
| 001 | 128360 | ||
| 003 | ES-MaACL | ||
| 005 | 20230906193241.0 | ||
| 007 | t| | ||
| 008 | 070702s1970 sp ||||1| spa d | ||
| 080 | _a17.035.1 | ||
| 100 | 1 |
_aStirner, Max. _9108237 |
|
| 245 | 1 | 3 |
_aEl único y su propiedad / _cMax Stirner ; presentación de David Martín ; [traducción de Eduardo Subirats]. |
| 260 |
_aBarcelona : _bMateu, _c[1970] |
||
| 300 |
_a252 p. ; _c20 cm. |
||
| 490 | 1 |
_aMaldoror ; _v5 |
|
| 650 | 1 | 4 |
_aEgoismo. _912132 |
| 650 | 1 | 4 |
_aIndividualismo. _913708 |
| 700 | 1 |
_aMartin, David. _977281 |
|
| 700 | 1 |
_aSubirats, Eduardo. _9108696 |
|
| 830 | 0 |
_aMaldoror ; _v5 _9186737 |
|
| 852 |
_aES-MaACL _jC-51136 _bR.75911 |
||
| 999 |
_c128360 _d128360 |
||